Instalaciones en los edificios: Instalaciones de agua, aparatos sanitarios y desagues, calefacción y acondicionamiento de aire, distribución eléctrica, ascensores, alumbrado, comunicaciones, acústica de los edificios

Bibliografske podrobnosti
Drugi avtorji: Merrick Gay, Charles, Van Fawcett, Charles de, McGuinness, William J.
Format: Knjiga
Jezik:Spanish
Teme:

MARC

LEADER 00000cam a2200000 a 4500
001 70694
003 Ucuenca
005 20230308164324.0
008 000000|1979 sp |||||r|||||||||||spa||
999 |c 24699  |d 24699 
020 |a 8425200776 
040 |b spa  |a UCuenca-cdrjbv  |c UCuenca  |e rda 
041 1 |a spa 
082 0 |a 696 
245 1 1 |a Instalaciones en los edificios: Instalaciones de agua, aparatos sanitarios y desagues, calefacción y acondicionamiento de aire, distribución eléctrica, ascensores, alumbrado, comunicaciones, acústica de los edificios  |c Charles Merrick Gay, Charles de Van Fawcett,William J. McGuinness. Traductor Santiago Rubio 
264 |a Barcelona  |b Gustavo Gili  |c 1979 
300 |a 648 páginas:  |b ilu  |c 24 cm 
336 |2 rdacontent  |a texto  |b txt 
337 |2 rdamedia  |a no mediado  |b n 
338 |2 rdacarrier  |a volumen  |b nc 
650 1 0 |a Instalaciones eléctricas  |9 14782 
650 1 |a Instalaciones sanitarias  |9 33446 
700 1 |9 45744  |a Merrick Gay, Charles 
700 1 |9 190768  |a Van Fawcett, Charles de 
700 1 |9 190769  |a McGuinness, William J. 
852 |a UC-CDJBV  |f Compra  |l 1  |m General  |p 00000000  |r 2  |t 70694  |b 0  |d CDRC  |e CDRC  |g 696 SEGUNDO PISO  |z 0000-00-00 
942 |c BK  |2 ddc